د و ست / (Record no. 165786)

MARC details
000 -LEADER
fixed length control field 00600nam a22001937a 4500
005 - DATE AND TIME OF LATEST TRANSACTION
control field 20230125113437.0
010 ## - LCCN (DPL NO)
LC control number UR-10273
020 ## - INTERNATIONAL STANDARD BOOK NUMBER
International Standard Book Number 9789388736237
Terms of availability 200.00
035 ## - SYSTEM CONTROL NUMBER
System control number U-8828
037 ## - SOURCE OF ACQUISITION
Source of stock number/acquisition DBAD/PUB
082 ## - DEWEY DECIMAL CLASSIFICATION NUMBER
Classification number ن
100 ## - MAIN ENTRY--PERSONAL NAME
Personal name پيغا م آ فا قی
245 ## - TITLE STATEMENT
Title د و ست /
Statement of responsibility, etc پيغا م آ فا قی
246 ## - VARYING FORM OF TITLE
Remainder of title Dost (Urdu) /
Title proper/short title by Paigham Afaqui
260 ## - PUBLICATION, DISTRIBUTION, ETC. (IMPRINT)
Place of publication, distribution, etc Delhi
Name of publisher, distributor, etc Educational Publishing House
Date of publication, distribution, etc 2018 ء
270 ## - ADDRESS
Address 3191،Vakil Street,Kucha Pandit,Lal Kuan,
City Delhi
Postal code 110006
Telephone number 23216162
Fax number 00911123211540
300 ## - PHYSICAL DESCRIPTION
Extent 188ص
Dimensions 22cm(Hb)
942 ## - ADDED ENTRY ELEMENTS (KOHA)
Source of classification or shelving scheme Dewey Decimal Classification
Item type Urdu Bks
Classification part ن
Call number suffix آ ف ا

No items available.


© Delhi Public Library
Hit Counter
free hit counter